00534 2200181 4500245004200000020002200042250001100064100001600075700001600091650001700107005001900124260002900143041001400172084001100186300002700197500011900224336000900343 aSetelah Hujan RedacBoy ChandrahText a978-979-794-522-0 aCet. 1 aBoy Chandra aDian Nitami aNovel Remaja a20230926133415 aJakartabMediakitac2014 aIndonesia a808.83 aiv, 100 hlm. :c19 cm. aHujan pernah merebut seseorang dariku.Ia merampas kebahagiaan yang tumbuh di dadaku.Ia memaksa aku menjadi sendiri atext